00638nam a2200169 a 450000100100000000500170001000800410002704000250006810000250009324500570011826000420017530000210021749000140023883000210025295201780027399900170045100003489320200930073953.0111021s1967 fr 000 0 spa d aDO-SdBNPbspacBNPHU1 aChomsky, Noam94491610aCurrent issues in linguistic theory /cNoam Chomsky. aLondon, Paris :bMouton & Co.,c1967. a119 p. ;c22 cm.1 aMinorv38 0aMinorn38960452 001050718MOaGRbGRcCTd2011-10-21iLF1l0o p34893-10r2020-06-25w2020-06-25y1zPerteneció a la biblioteca personal de Juan Isidro Jimenes Grullón.ZNo se presta c34384d34384